000 00352nam a22001337a 4500
003 OSt
008 250218b |||||||| |||| 00| 0 eng d
041 _aeng
100 _aKamal, AK
_97171
245 _aSolution to Rersnick and Hullli day Physics Part1
250 _a22nd Reprint
260 _aNew Delhi;
_bNew Age International Ltd,
_c1996.
942 _cBK
999 _c19400
_d19400